Score 0/20 Timer 02:00
0 Plays Today
Hint Answer % Correct
____ and OrderLaw
97.6%
Everybody Loves ____Raymond
97.1%
____ of Our LivesDays
94.3%
The ____ is RightPrice
94.3%
____: Warrior PrincessXena
90.6%
The West ____Wing
90%
King of the ____Hill
87.9%
____, Texas RangerWalker
87.2%
____ By an AngelTouched
86.4%
Judging ____Amy
84.2%
Hint Answer % Correct
All My ____Children
81.8%
Kids Say the ____ ThingsDarndest
81.1%
____ CameraCandid
78.1%
Suddenly ____Susan
78.1%
____ Under FireGrace
68.9%
____ RainbowReading
66%
____ SG-1Stargate
64.1%
A ____ WorldDifferent
44.2%
The Wild ____Thornberrys
28.7%
The ____ HunterCrocodile
20.4%

Today's Daily Dose

Remove Ads.
Support Sporcle.
Get the best of Sporcle when you Go Orange. This ad-free experience offers more features, more stats, and more fun while also helping to support Sporcle. Thank you for becoming a member.

You're not logged in!

Compare scores with friends on all Sporcle quizzes.
OR
Log In

Show Comments

Extras

Top Quizzes Today


Score Distribution

Your Account Isn't Verified!

In order to create a playlist on Sporcle, you need to verify the email address you used during registration. Go to your Sporcle Settings to finish the process.

Report this User

Report this user for behavior that violates our Community Guidelines.

Details: